Hello, My Name Is... 'O' Quiz Stats

 Plays Quiz Updated Apr 3, 2019

Score 0/20 Timer 04:00
9 Plays Today
% Correct
Oprah Winfrey
98.5%
Owen Wilson
90.9%
Ozzy Osbourne
89.5%
Orenthal James (O.J.) Simpson
88.4%
Olivia Newton-John
83.7%
Oliver Hardy
73.9%
Orson Welles
64.9%
Orlando Bloom
63.9%
Orville Redenbacher
54.8%
Oscar Isaac
53.6%
% Correct
Olga Korbut
43.9%
Odell Beckham, Jr.
43%
Octavia Spencer
42.8%
Otis Redding
34.4%
Oksana Baiul
30.1%
Omarosa (Manigault Newman)
30%
Olympia Dukakis
20.5%
Otto Preminger
15%
Omarion (Omari Grandberry)
11.6%
O'Shea Jackson Jr.
9.6%

You're not logged in!

Compare scores with friends on all Sporcle quizzes.
OR
Log In

Sporcle TV

Today on Sporcle TV


Watch our educational content, quiz creation guides, and fun videos on Sporcle TV.

Show Comments

Extras

Top Quizzes Today


Score Distribution

Your Account Isn't Verified!

In order to create a playlist on Sporcle, you need to verify the email address you used during registration. Go to your Sporcle Settings to finish the process.

Report this User

Report this user for behavior that violates our Community Guidelines.

Details: